| 000 | 00969cam a22003015a 4500 | ||
|---|---|---|---|
| 001 | 14004624 | ||
| 005 | 20151210114909.0 | ||
| 008 | 050616t2006 maua frbd 001 0 eng d | ||
| 020 | _a0618496335 (pbk.) | ||
| 020 | _a9780618496334 | ||
| 040 |
_aICO _cICO _dDLC _dEG-ScBUE _beng |
||
| 082 | 0 | 4 |
_a333.7 _222 _bHAR |
| 100 | 1 |
_aHarris, Jonathan M. _930220 |
|
| 245 | 1 | 0 |
_aEnvironmental and natural resource economics : _ba contemporary approach / _cJonathan M. Harris. |
| 250 | _a2nd ed. | ||
| 260 |
_aBoston ; _aNew York : _bHoughton Mifflin Company, _cc.2006. |
||
| 300 |
_axvii, 503 p. : _bill. ; _c24 cm. |
||
| 500 | _aGlossary : p. 476-490. | ||
| 500 | _aIndex : p. 491-503. | ||
| 504 | _aIncludes bibliographical references. | ||
| 541 | _aBUE book fair. | ||
| 650 | 0 |
_aEnvironmental economics. _2BUEsh |
|
| 650 | 0 |
_aNatural resources. _2BUEsh |
|
| 650 | 0 |
_aEnvironmental policy. _2BUEsh |
|
| 651 | _2BUEsh | ||
| 653 |
_bBUSECO _cDecember2015 |
||
| 942 | _2ddc | ||
| 999 |
_c21106 _d21078 |
||